Statistiques concernant 11 plus petit territoire ou pays du monde par superficie

Cliquez ici pour prendre le quiz!

Statistiques générales

  • Ce quiz a été pris 128 fois
  • Le résultat moyen est 3 sur 11

Statistiques - réponses

superficieRéponse% Correct
0,4km²vatican
97%
2km²monaco
87%
21,1km²nauru
46%
26km²tuvalu
41%
6,8km²gibraltar
15%
30,4km²macao
5%
34km²sint maarten
4%
21km²saint-barthélemy
2%
14,2km²ile cocos
1%
34,6km²ile norfolk
1%
12,2km²tocalo
0%

Distribution des résultats

Percentile par nombre de réponses

% des personnes avec chaque résultat

Votre développement - résultats

Vous n’avez pas pris ce quiz